[Event "ICS rated blitz match"]
[Site "204.178.125.65"]
[Date "2001.01.21"]
[Round "?"]
[White "Hossa"]
[Black "Tinker"]
[Result "0-1"]
[WhiteElo "2525"]
[BlackElo "2349"]
[PlyCount "110"]
[EventDate "2001.??.??"]

1. e4 c5 2. Nf3 e6 3. d4 cxd4 4. Nxd4 Nf6 5. Nc3 Nc6 6. Ndb5 Bb4 7. Bg5 O-O 8.
a3 Be7 9. f4 d5 10. e5 Nd7 11. Bxe7 Qxe7 12. Bd3 Nc5 13. O-O Nxd3 14. cxd3 Qc5+
15. Rf2 d4 16. Nc7 Rb8 17. N3b5 a6 18. Nd6 Bd7 19. b4 Qb6 20. b5 Qxc7 21. bxc6
bxc6 22. Qa4 Qa7 23. Qc4 a5 24. Re2 a4 25. Re4 c5 26. Re2 Rb3 27. Qc2 Rfb8 28.
Rd2 Bc6 29. Qd1 Qa6 30. f5 exf5 31. Nxf5 Bd7 32. Nd6 Qa8 33. Rf2 Be6 34. Qc2
Rc3 35. Qd2 Rbb3 36. Rf3 Rxa3 37. Rxa3 Rxa3 38. Qc1 Rb3 39. Qxc5 a3 40. Rf1 a2
41. Qc1 Qb8 42. Nb7 Rxb7 43. Qa3 Rb1 44. Qa5 h6 45. h3 Rxf1+ 46. Kxf1 Qb1+ 47.
Kf2 Qxd3 48. Qa8+ Kh7 49. g4 Qe3+ 50. Kf1 Bc4+ 51. Kg2 Bd5+ 52. Qxd5 a1=Q 53.
Qe4+ Qxe4+ 54. Kg3 Qae1+ 55. Kh2 Q4h1# {Hossa checkmated} 0-1

[Event "ICS rated blitz match"]
[Site "204.178.125.65"]
[Date "2001.01.21"]
[Round "?"]
[White "Tinker"]
[Black "Hossa"]
[Result "0-1"]
[WhiteElo "2372"]
[BlackElo "2502"]
[PlyCount "96"]
[EventDate "2001.??.??"]

1. e4 e5 2. Nf3 Nf6 3. Nc3 Bb4 4. d3 d5 5. exd5 Nxd5 6. Bd2 O-O 7. Be2 Nxc3 8.
bxc3 Bd6 9. O-O Nc6 10. d4 e4 11. Ng5 Qe7 12. Bg4 Bxg4 13. Qxg4 f6 14. Qe6+
Qxe6 15. Nxe6 Rfe8 16. Nc5 Bxc5 17. dxc5 Rad8 18. Bf4 Re7 19. Rab1 g5 20. Be3
Rb8 21. Rb3 Rd7 22. Rfb1 b6 23. cxb6 axb6 24. Kf1 Ra8 25. Ra1 h6 26. h4 gxh4
27. Bxh6 Kf7 28. Rbb1 Kg6 29. Be3 Ra4 30. Ke2 Kf5 31. Bd2 Rg7 32. Kf1 Ra8 33.
Be1 Rag8 34. g3 hxg3 35. fxg3 Ne5 36. Bf2 Nf3 37. Rd1 Kg4 38. Rab1 f5 39. Rb4
Ra8 40. a4 Rg6 41. Ra1 Rc6 42. Ra3 Rd6 43. Ra1 Rh8 44. Ke2 Rd2+ 45. Ke3 Rxc2
46. Rd1 c5 47. Rxb6 Ne5 48. Rg6+ Nxg6 {Tinker resigns} 0-1

[Event "ICS rated blitz match"]
[Site "204.178.125.65"]
[Date "2001.01.21"]
[Round "?"]
[White "Hossa"]
[Black "monsoon"]
[Result "1-0"]
[WhiteElo "2512"]
[BlackElo "2432"]
[PlyCount "121"]
[EventDate "2001.??.??"]

1. d4 d5 2. c4 c6 3. Nc3 dxc4 4. e3 b5 5. Nxb5 cxb5 6. Qf3 Nc6 7. Qxc6+ Bd7 8.
Qb7 e6 9. Bd2 Ne7 10. Nf3 Bc6 11. Qa6 Bxf3 12. gxf3 Qd7 13. a4 Nd5 14. Qxb5
Qxb5 15. axb5 Nb4 16. Bxb4 Bxb4+ 17. Kd1 c3 18. Ra4 c2+ 19. Kc1 Be1 20. b6 O-O
21. bxa7 Bxf2 22. Kxc2 Bxe3 23. f4 Bxd4 24. Rxd4 Rxa7 25. Bd3 Ra5 26. Rd7 Rc8+
27. Kd2 Rd5 28. Rxd5 exd5 29. Ke3 Rb8 30. Rb1 Rb4 31. h4 g6 32. b3 Kf8 33. Bc2
Ke7 34. Ra1 Kd6 35. Ra8 Rb6 36. Rd8+ Ke6 37. Bd1 Rb4 38. Kf3 f6 39. Bc2 f5 40.
Ke3 Rb7 41. Bd1 Rb4 42. Rh8 Re4+ 43. Kf3 Rd4 44. Bc2 Rd2 45. Re8+ Kd6 46. Re2
Rxe2 47. Kxe2 Kc5 48. Ke3 h6 49. b4+ Kc4 50. Bd3+ Kxb4 51. Kd4 Ka5 52. Bxf5 Kb6
53. Bg4 Kc6 54. h5 Kd6 55. hxg6 Kc6 56. g7 Kb6 57. g8=Q h5 58. Qb8+ Kc6 59. Bc8
h4 60. Qb7+ Kd6 61. Qd7# {monsoon checkmated} 1-0

[Event "ICS rated blitz match"]
[Site "204.178.125.65"]
[Date "2001.01.21"]
[Round "?"]
[White "ChesterX"]
[Black "Hossa"]
[Result "1-0"]
[WhiteElo "2564"]
[BlackElo "2524"]
[PlyCount "77"]
[EventDate "2001.??.??"]

1. e4 e5 2. Nf3 Nf6 3. d4 Nxe4 4. dxe5 Bc5 5. Be3 Bxe3 6. fxe3 Ng5 7. Nc3 Nc6
8. Qd5 Nb4 9. Qb3 Nxf3+ 10. gxf3 Qh4+ 11. Kd2 O-O 12. Qc4 Qxc4 13. Bxc4 Re8 14.
a3 Nc6 15. Nb5 Rxe5 16. Nxc7 Rb8 17. Bd3 a6 18. Rag1 Rc5 19. Ne8 Ne5 20. Ke2 g6
21. Nf6+ Kg7 22. Ne4 Rc6 23. Nc3 Nxd3 24. Kxd3 d6 25. Kd2 Be6 26. h4 Re8 27. h5
Rc7 28. e4 Kf6 29. f4 Rh8 30. hxg6 fxg6 31. f5 gxf5 32. exf5 Bf7 33. Rh6+ Kxf5
34. Rf1+ Ke5 35. Rh3 Rd7 36. Re3+ Kd4 37. b4 Bd5 38. Rf4+ Be4 39. Rfxe4# {
Hossa checkmated} 1-0

[Event "ICS rated blitz match"]
[Site "204.178.125.65"]
[Date "2001.01.21"]
[Round "?"]
[White "Hossa"]
[Black "Viveiros"]
[Result "1-0"]
[WhiteElo "2510"]
[BlackElo "2046"]
[PlyCount "46"]
[EventDate "2001.??.??"]

1. e4 c5 2. c3 d6 3. d4 Nd7 4. Bb5 a6 5. Bd3 Ngf6 6. Nf3 e5 7. O-O g6 8. Be3
Bg7 9. Nbd2 O-O 10. Qe2 h6 11. dxe5 dxe5 12. Rfd1 Qc7 13. h3 b6 14. Nh2 Bb7 15.
Ng4 Kh7 16. Bc4 b5 17. Bd3 c4 18. Bc2 Nc5 19. Bxh6 Rfd8 20. Bg5 Ncd7 21. Nf3
Re8 22. Nfh2 Nxg4 23. Qxg4 Nf6 {Viveiros resigns} 1-0

[Event "ICS rated blitz match"]
[Site "204.178.125.65"]
[Date "2001.01.21"]
[Round "?"]
[White "Valg"]
[Black "Hossa"]
[Result "1-0"]
[WhiteElo "2748"]
[BlackElo "2512"]
[PlyCount "113"]
[EventDate "2001.??.??"]

1. d4 Nf6 2. c4 e6 3. Nc3 Bb4 4. e3 c5 5. Bd3 cxd4 6. exd4 d5 7. Nf3 dxc4 8.
Bxc4 Qc7 9. Qd3 O-O 10. O-O Bd7 11. Ne5 Rc8 12. Bf4 Be8 13. Rac1 Qe7 14. a3 Bd6
15. Nb5 Bxb5 16. Bxb5 Nbd7 17. Qf3 Bxe5 18. dxe5 Nd5 19. h3 Nc5 20. Rfd1 Nxf4
21. Qxf4 Rd8 22. Rd6 Rdc8 23. Qe3 a6 24. Rxc5 axb5 25. Rxb5 Rc2 26. Qd4 Rc1+
27. Kh2 Rc7 28. Rc5 Re8 29. Rxc7 Qxc7 30. Rd7 Qc8 31. Qd6 b5 32. Rc7 Qb8 33. f4
Rc8 34. Rd7 Qxd6 35. exd6 Rb8 36. Kg3 h6 37. Kf3 g6 38. Ke4 Kg7 39. Ke5 b4 40.
a4 g5 41. fxg5 hxg5 42. Rc7 g4 43. d7 gxh3 44. gxh3 Rh8 45. Rc8 Rh5+ 46. Kf4
Rh4+ 47. Kg5 Rd4 48. d8=Q Rxd8 49. Rxd8 f6+ 50. Kf4 b3 51. a5 e5+ 52. Kf5 Kf7
53. Rd7+ Ke8 54. Ke6 f5 55. a6 f4 56. a7 e4 57. a8=Q# {Hossa checkmated} 1-0

[Event "ICS rated blitz match"]
[Site "204.178.125.65"]
[Date "2001.01.21"]
[Round "?"]
[White "Hossa"]
[Black "Valg"]
[Result "0-1"]
[WhiteElo "2505"]
[BlackElo "2756"]
[PlyCount "122"]
[EventDate "2001.??.??"]

1. d4 Nf6 2. c4 e6 3. Nc3 Bb4 4. e3 O-O 5. Bd3 d5 6. Nf3 c5 7. O-O Nc6 8. a3
Bxc3 9. bxc3 dxc4 10. Bxc4 Qc7 11. Bd3 e5 12. Qc2 Re8 13. Nxe5 Nxe5 14. dxe5
Qxe5 15. f3 Be6 16. e4 c4 17. Be2 Qc5+ 18. Kh1 Rad8 19. a4 h6 20. Ba3 Qe3 21.
Rad1 Nh5 22. Rfe1 Qf2 23. Bd3 Qh4 24. Be2 b6 25. Qa2 Ng3+ 26. Kg1 Nxe2+ 27.
Qxe2 Rd3 28. g3 Qd8 29. Qc2 Qd7 30. Bb4 Rd8 31. Ra1 Rxf3 32. a5 b5 33. Bc5 Rd3
34. a6 Rd2 35. Qc1 Bg4 36. Bd4 Rxd4 37. cxd4 Qxd4+ 38. Kg2 Qd2+ 39. Qxd2 Rxd2+
40. Kg1 c3 41. Rab1 c2 42. Rbc1 b4 43. h3 Bxh3 44. Rxc2 Rxc2 45. Rb1 Rc4 46.
Rd1 Bc8 47. Kf2 Bxa6 48. Rd8+ Kh7 49. Kf3 Bb7 50. Ke3 b3 51. Rd1 Bxe4 52. Rd2
Bc2 53. Rf2 b2 54. Rf1 Bg6 55. Rd1 Rc1 56. Rd4 b1=Q 57. Kf3 Rg1 58. Rg4 Qd3+
59. Kf2 Rf1+ 60. Kg2 Qe2+ 61. Kh3 Rh1# {Hossa checkmated} 0-1

[Event "ICS rated blitz match"]
[Site "204.178.125.65"]
[Date "2001.01.21"]
[Round "?"]
[White "Hossa"]
[Black "PostModernist"]
[Result "0-1"]
[WhiteElo "2486"]
[BlackElo "2589"]
[PlyCount "172"]
[EventDate "2001.??.??"]

1. e4 e6 2. d4 d5 3. Nd2 c5 4. exd5 exd5 5. Ngf3 Nf6 6. Bb5+ Bd7 7. Bxd7+ Nbxd7
8. O-O Be7 9. dxc5 Nxc5 10. Nd4 Qd7 11. Re1 O-O 12. N2f3 Bd6 13. Nb3 Nce4 14.
h3 Rfe8 15. Be3 Qc7 16. Qd3 a5 17. Nbd4 Rac8 18. Re2 a4 19. Nb5 Qc4 20. Qxc4
dxc4 21. Rae1 Bb4 22. c3 Bd6 23. g3 h6 24. Bd4 Bc5 25. Be5 Ng5 26. Nxg5 hxg5
27. Bxf6 Rxe2 28. Rxe2 gxf6 29. Re4 Rc6 30. Nd4 Rb6 31. Re2 Rd6 32. Nf5 Rd1+
33. Kg2 Rd3 34. a3 Kh7 35. g4 Kg6 36. Re4 b5 37. Re2 Rd1 38. Kg3 Bd6+ 39. Kf3
Rd3+ 40. Kg2 Bc5 41. Rc2 Rd1 42. h4 gxh4 43. f4 Kh7 44. Nxh4 Rd3 45. Nf5 Kg6
46. Rc1 Kh7 47. Rh1+ Kg8 48. Rb1 Kh7 49. Ng3 Bd6 50. Ne2 Kg6 51. Kf1 f5 52. g5
Kh5 53. Kg2 Kg4 54. Nd4 Bxf4 55. Nxb5 Rd2+ 56. Kf1 Rh2 57. Kg1 Kh3 58. Re1 Rxb2
59. Nd4 Bg3 60. Rd1 Bf2+ 61. Kf1 Bh4 62. Nc6 Rb3 63. Ne5 Rxa3 64. Nxf7 Rxc3 65.
Ke2 a3 66. Rh1+ Kg2 67. Ra1 f4 68. Kd2 Rb3 69. Ne5 Bxg5 70. Nxc4 Rh3 71. Kc2 f3
72. Nd6 Bf6 73. Rd1 a2 74. Ne4 a1=Q 75. Rxa1 Bxa1 76. Nf2 Kxf2 77. Kd3 Rh4 78.
Kd2 Bc3+ 79. Kd3 Rb4 80. Kc2 Ke2 81. Kxc3 Re4 82. Kb3 f2 83. Kc3 f1=Q 84. Kb3
Qf3+ 85. Kb2 Rb4+ 86. Kc2 Qc6# {Hossa checkmated} 0-1

[Event "ICS rated blitz match"]
[Site "204.178.125.65"]
[Date "2001.01.21"]
[Round "?"]
[White "Valg"]
[Black "Hossa"]
[Result "1-0"]
[WhiteElo "2774"]
[BlackElo "2475"]
[PlyCount "137"]
[EventDate "2001.??.??"]

1. d4 Nf6 2. c4 e6 3. Nc3 Bb4 4. e3 O-O 5. Bd3 d5 6. Nf3 c5 7. O-O Nc6 8. a3
Bxc3 9. bxc3 dxc4 10. Bxc4 Qc7 11. Bd3 e5 12. Qc2 Re8 13. Nxe5 Nxe5 14. dxe5
Qxe5 15. f3 Be6 16. Re1 c4 17. Bf1 Qc5 18. Rd1 Rad8 19. Rd4 b5 20. Qd2 Nd7 21.
a4 a6 22. Ba3 Qg5 23. Bd6 bxa4 24. Rxa4 Qb5 25. Rb4 Qa5 26. Bxc4 Bxc4 27. Rbxc4
Nb6 28. Rb4 Qa1+ 29. Kf2 Nc8 30. Ra4 Qb1 31. Rxa6 Qb7 32. Qd3 Qb2+ 33. Kg3 Nxd6
34. Raxd6 Rc8 35. c4 Qb4 36. Kf2 Qb2+ 37. Kg3 Qb4 38. Kf2 Qb2+ 39. Qe2 Qa1 40.
Qd2 Qa8 41. Rd7 Rb8 42. Rf4 Rf8 43. c5 Qa3 44. Qd5 Rb2+ 45. Kg3 Qa2 46. Qxa2
Rxa2 47. c6 Rc2 48. c7 g6 49. Re4 h5 50. h4 Rc3 51. Ree7 Kg7 52. e4 Rc4 53. e5
g5 54. hxg5 Kg6 55. Kh3 Rc1 56. e6 fxe6 57. Rg7+ Kf5 58. Rd8 Rf6 59. gxf6 Kxf6
60. Rgd7 Rh1+ 61. Kg3 Rc1 62. c8=Q Rxc8 63. Rxc8 Kg6 64. Rg8+ Kf6 65. Rf8+ Kg6
66. f4 h4+ 67. Kxh4 e5 68. f5+ Kh6 69. Rf6# {Hossa checkmated} 1-0

[Event "ICS rated blitz match"]
[Site "204.178.125.65"]
[Date "2001.01.21"]
[Round "?"]
[White "Hossa"]
[Black "CerealKiller"]
[Result "1-0"]
[WhiteElo "2470"]
[BlackElo "2031"]
[PlyCount "36"]
[EventDate "2001.??.??"]

1. d4 d5 2. c4 e6 3. Nc3 Nf6 4. cxd5 exd5 5. Bg5 Be7 6. Nf3 O-O 7. e3 c5 8.
dxc5 Bf5 9. Bd3 Bg4 10. O-O Qa5 11. Qb3 Nc6 12. Bxf6 Bxf6 13. Nxd5 Bxf3 14.
Nxf6+ gxf6 15. gxf3 Qxc5 16. Kh1 Kh8 17. Qxb7 Rab8 18. Qc7 Rbc8 {
CerealKiller resigns} 1-0

[Event "ICS rated blitz match"]
[Site "204.178.125.65"]
[Date "2001.01.21"]
[Round "?"]
[White "PostModernist"]
[Black "Hossa"]
[Result "1-0"]
[WhiteElo "2600"]
[BlackElo "2472"]
[PlyCount "135"]
[EventDate "2001.??.??"]

1. d4 Nf6 2. c4 e6 3. Nf3 Bb4+ 4. Nc3 Ne4 5. Qc2 f5 6. g3 c5 7. Bg2 cxd4 8.
Nxd4 O-O 9. Bxe4 fxe4 10. Qxe4 d5 11. cxd5 exd5 12. Qd3 Na6 13. Bf4 Nc5 14. Qc2
Bh3 15. f3 Rc8 16. O-O-O Qe8 17. Bd6 Rf6 18. Bxc5 Bxc5 19. e4 dxe4 20. fxe4 Bg4
21. Rd3 Bxd4 22. Rxd4 Qf7 23. Kb1 Rf1+ 24. Rxf1 Qxf1+ 25. Qc1 Qf6 26. Rd2 Qb6
27. Rc2 Bf3 28. Qf1 Rf8 29. Qc4+ Kh8 30. a4 Qg1+ 31. Ka2 a5 32. Qc7 Qd4 33.
Qxb7 Qc4+ 34. Qb3 Qd4 35. Qd5 Qa7 36. Nb5 Qe7 37. Rc4 Be2 38. Rc7 Qe8 39. Nc3
Bg4 40. Qxa5 Qe6+ 41. Qd5 Qf6 42. e5 Qb6 43. Re7 Qf2 44. e6 Rb8 45. Qb5 Qf8 46.
Qe5 Ra8 47. Qd5 Rb8 48. Qd7 Bf3 49. Qc7 Rc8 50. Rf7 Qg8 51. Qe5 Bg2 52. g4 Ra8
53. a5 Bh3 54. Qf5 Bg2 55. Kb1 Bc6 56. Nd5 Bxd5 57. Qxd5 Rd8 58. Rd7 Rb8 59. e7
Qxd5 60. Rxd5 Rg8 61. Rd8 g5 62. a6 Rxd8 63. exd8=Q+ Kg7 64. a7 Kg6 65. a8=Q h5
66. Qe8+ Kf6 67. Qac6+ Kg7 68. Qcg6# {Hossa checkmated} 1-0

[Event "ICS rated blitz match"]
[Site "204.178.125.65"]
[Date "2001.01.21"]
[Round "?"]
[White "Hossa"]
[Black "PostModernist"]
[Result "1/2-1/2"]
[WhiteElo "2462"]
[BlackElo "2602"]
[PlyCount "220"]
[EventDate "2001.??.??"]

1. e4 c5 2. c3 e6 3. d4 d5 4. e5 Nc6 5. Nf3 Bd7 6. a3 cxd4 7. cxd4 Qb6 8. Nc3
Na5 9. b4 Qc6 10. Nxd5 Qxd5 11. bxa5 Qxa5+ 12. Bd2 Qa4 13. Qxa4 Bxa4 14. Bd3
Bc6 15. O-O Bxf3 16. gxf3 Ne7 17. Rfc1 Nc6 18. Be3 Be7 19. Be4 Na5 20. Rc7 Bd8
21. Rc2 f5 22. Bd3 Bb6 23. Rd1 O-O 24. Bb5 Rad8 25. f4 Rd5 26. Bc4 Nxc4 27.
Rxc4 Rfd8 28. Rb1 h6 29. Kg2 R5d7 30. Rcb4 Kh7 31. d5 Bxe3 32. fxe3 Rxd5 33.
Rxb7 Ra5 34. Re7 Rxa3 35. Rbb7 Kh8 36. Rxg7 Rg8 37. Rxg8+ Kxg8 38. Re7 Ra2+ 39.
Kf3 Ra6 40. h3 Kh8 41. Kg3 Kg8 42. Kh4 Kf8 43. Rh7 Kg8 44. Rxh6 Rb6 45. Kg5 a5
46. Kf6 a4 47. Rg6+ Kh8 48. Kf7 Rb7+ 49. Kf8 Rb8+ 50. Ke7 Rb7+ 51. Kd6 a3 52.
Rg1 a2 53. Ra1 Rb6+ 54. Kd7 Ra6 55. Kc7 Kg7 56. Kb7 Ra3 57. Kc6 Kf7 58. Kc7
Rxe3 59. Rxa2 Rxh3 60. Ra7 Rd3 61. Kc6+ Kf8 62. Rd7 Ra3 63. Rc7 Rd3 64. Rh7 Rd1
65. Rd7 Ra1 66. Kd6 Ra6+ 67. Kc5 Ra3 68. Rb7 Rd3 69. Rh7 Rd5+ 70. Kc4 Rd2 71.
Rb7 Rf2 72. Kc5 Rd2 73. Kc6 Rd4 74. Rb3 Kg7 75. Kc5 Rd2 76. Rb6 Kf7 77. Rd6 Ra2
78. Rd7+ Ke8 79. Rb7 Rd2 80. Kc6 Rd5 81. Ra7 Rd2 82. Kb5 Rc2 83. Rh7 Rc3 84.
Kb4 Rc6 85. Rb7 Kf8 86. Rd7 Rc1 87. Rh7 Ke8 88. Ra7 Rc2 89. Kb5 Rc8 90. Ra6 Ke7
91. Rc6 Rd8 92. Rc7+ Ke8 93. Kc5 Rd5+ 94. Kc4 Rd2 95. Rg7 Rd1 96. Kc5 Rd5+ 97.
Kc6 Rd1 98. Rc7 Kf8 99. Kc5 Rd2 100. Ra7 Rd8 101. Ra6 Kf7 102. Rd6 Ra8 103.
Rd7+ Ke8 104. Rh7 Ra3 105. Rb7 Kf8 106. Kd6 Ra6+ 107. Kd7 Kg8 108. Ke8 Ra3 109.
Ke7 Ra6 110. Rb3 Kg7 {Game drawn by the 50 move rule} 1/2-1/2

[Event "ICS rated blitz match"]
[Site "204.178.125.65"]
[Date "2001.01.22"]
[Round "?"]
[White "Hossa"]
[Black "Banane"]
[Result "1-0"]
[WhiteElo "2468"]
[BlackElo "1918"]
[PlyCount "27"]
[EventDate "2001.??.??"]

1. e4 e6 2. d4 b6 3. Nf3 Bb7 4. Nc3 Bb4 5. Bd3 d5 6. exd5 Bxd5 7. O-O Bxc3 8.
bxc3 Nf6 9. c4 Bb7 10. Ba3 Nc6 11. c3 Ne7 12. Qe2 O-O 13. d5 exd5 14. Bxe7 {
Banane resigns} 1-0

[Event "ICS rated blitz match"]
[Site "204.178.125.65"]
[Date "2001.01.22"]
[Round "?"]
[White "ChesterX"]
[Black "Hossa"]
[Result "1-0"]
[WhiteElo "2584"]
[BlackElo "2469"]
[PlyCount "87"]
[EventDate "2001.??.??"]

1. e4 e5 2. Nf3 Nc6 3. d4 exd4 4. Nxd4 Bc5 5. Nxc6 Qf6 6. Qd2 dxc6 7. Nc3 Be6
8. Na4 Bd6 9. Qe3 Nh6 10. Be2 Ng4 11. Bxg4 Bxg4 12. O-O O-O 13. f3 Rfd8 14.
fxg4 Bxh2+ 15. Kxh2 Qxf1 16. Nc3 Rd6 17. g5 Qc4 18. Qe2 Qc5 19. Bf4 Rd7 20. Rd1
Rxd1 21. Qxd1 Qb4 22. Qc1 Qe7 23. Qe3 a6 24. a3 b6 25. Qd4 Ra7 26. Qe5 Qd8 27.
b3 a5 28. a4 Rb7 29. Ne2 c5 30. Ng3 c6 31. Nf5 Qf8 32. Qc3 Rd7 33. Be5 h5 34.
Bxg7 Qb8+ 35. Be5 Qe8 36. Bd6 f6 37. Qxf6 Kh7 38. Be5 Qxe5+ 39. Qxe5 Rf7 40.
g6+ Kxg6 41. Qe6+ Kg5 42. Qh6+ Kg4 43. Ne3+ Kh4 44. g3# {Hossa checkmated} 1-0

[Event "ICS rated blitz match"]
[Site "204.178.125.65"]
[Date "2001.01.22"]
[Round "?"]
[White "cfd"]
[Black "Hossa"]
[Result "0-1"]
[WhiteElo "2250"]
[BlackElo "2458"]
[PlyCount "106"]
[EventDate "2001.??.??"]

1. d4 e6 2. e3 d5 3. Bd3 Nf6 4. Nd2 c5 5. c3 Nc6 6. f4 Bd7 7. Ngf3 Ng4 8. Qe2
c4 9. Bc2 Be7 10. O-O f5 11. Ne5 Ngxe5 12. fxe5 h5 13. Nf3 g5 14. Bd2 g4 15.
Ne1 b5 16. g3 Bg5 17. Ng2 h4 18. gxh4 Bxh4 19. Nxh4 Qxh4 20. Be1 Qh3 21. Bg3 b4
22. Qg2 Qh5 23. a3 bxc3 24. bxc3 Ne7 25. Rfb1 Ng6 26. Rb7 Bc6 27. Rc7 Ne7 28.
Rxc6 Nxc6 29. Ba4 Kd7 30. Rb1 Rab8 31. Qc2 Kc7 32. Bxc6 Rxb1+ 33. Qxb1 Kxc6 34.
Qb4 Qe8 35. Bf4 Qb8 36. Qe7 Qb1+ 37. Kg2 Qb2+ 38. Kg1 Qc1+ 39. Kg2 Qc2+ 40. Kg1
Qd1+ 41. Kg2 Qf3+ 42. Kg1 a6 43. Qxe6+ Kb5 44. Qd7+ Ka5 45. Qc7+ Ka4 46. Qc6+
Kb3 47. Qxa6 Qd1+ 48. Kg2 Qd2+ 49. Kg1 Qc1+ 50. Kg2 Qxc3 51. Qb5+ Kxa3 52. Qxd5
Qc2+ 53. Kg3 Rh3# {cfd checkmated} 0-1

[Event "ICS rated blitz match"]
[Site "204.178.125.65"]
[Date "2001.01.22"]
[Round "?"]
[White "Hossa"]
[Black "QueenMaxima"]
[Result "1-0"]
[WhiteElo "2465"]
[BlackElo "2521"]
[PlyCount "157"]
[EventDate "2001.??.??"]

1. e4 c5 2. c3 Nf6 3. e5 Nd5 4. d4 e6 5. Nf3 d6 6. dxc5 dxe5 7. b4 Nc6 8. b5
Na5 9. c4 e4 10. cxd5 exf3 11. Qxf3 Bxc5 12. Bb2 Qxd5 13. Bxg7 Qxf3 14. gxf3
Rg8 15. Bf6 Bd7 16. Bd3 Rg2 17. Nd2 Rc8 18. Rb1 Rxf2 19. Bf1 Be3 20. Ne4 Rxa2
21. Nd6+ Kf8 22. Nxc8 Bxc8 23. Bd3 h5 24. Rd1 Bd7 25. Be2 Ke8 26. Rb1 Rc2 27.
h3 Bb6 28. Kd1 Ra2 29. Bd3 Be3 30. Bc3 Bf4 31. Rb4 e5 32. Bb2 a6 33. bxa6 bxa6
34. Bxa6 Nc6 35. Rb6 Nd4 36. Bc4 Rxb2 37. Rxb2 Ba4+ 38. Ke1 Bc6 39. Be2 Nxf3+
40. Kf2 Nd4 41. Ra1 Nxe2 42. Kxe2 Bg2 43. Rb8+ Ke7 44. Ra7+ Kf6 45. Rb6+ Kg5
46. h4+ Kxh4 47. Rxf7 Bd5 48. Rg7 Bc4+ 49. Kf3 Bd5+ 50. Kf2 Kh3 51. Rb5 Be4 52.
Rb8 h4 53. Rh8 Bd5 54. Rh5 Bc6 55. Rg8 Bb7 56. Rg1 Ba8 57. Rh8 Bc6 58. Rg6 Bd5
59. Rg7 Bc4 60. Rhh7 Bd3 61. Rh5 e4 62. Ra5 Bh6 63. Rg8 Bc4 64. Rg6 Bf4 65. Ra1
Bd5 66. Rh1+ Bh2 67. Ke3 Bb3 68. Rb6 Kg2 69. Rxh2+ Kxh2 70. Rxb3 Kg2 71. Kf4
Kh2 72. Kxe4 Kg2 73. Kf4 Kf2 74. Rb2+ Kg1 75. Kf3 Kh1 76. Rb1+ Kh2 77. Kf2 h3
78. Rb3 Kh1 79. Rxh3# {QueenMaxima checkmated} 1-0

[Event "ICS rated blitz match"]
[Site "204.178.125.65"]
[Date "2001.01.22"]
[Round "?"]
[White "QueenMaxima"]
[Black "Hossa"]
[Result "1-0"]
[WhiteElo "2502"]
[BlackElo "2484"]
[PlyCount "99"]
[EventDate "2001.??.??"]

1. e4 e5 2. Nf3 d6 3. d4 exd4 4. Bc4 c5 5. c3 Qe7 6. O-O dxc3 7. Nxc3 Bg4 8.
Bg5 f6 9. Bf4 Nc6 10. Nd5 Qd7 11. h3 Bh5 12. Re1 O-O-O 13. Rc1 g5 14. Bg3 Bg7
15. Nc3 f5 16. exf5 Bxf3 17. gxf3 Bxc3 18. Be6 Qxe6 19. Rxe6 Bxb2 20. Rb1 Bd4
21. Bxd6 Be5 22. Qb3 Na5 23. Qd5 Bxd6 24. Rxd6 Rxd6 25. Qxd6 Nf6 26. Qxc5+ Nc6
27. Qb5 Nd8 28. Rc1+ Nc6 29. Rxc6+ bxc6 30. Qxc6+ Kb8 31. Qxf6 Rc8 32. Qd6+ Ka8
33. f6 Kb7 34. Qd7+ Rc7 35. Qb5+ Ka8 36. f7 Rc1+ 37. Kh2 Rc8 38. Qxg5 a6 39.
Qh6 Kb7 40. Qxh7 Kb6 41. Qg8 Rxg8 42. fxg8=Q Kc5 43. f4 Kd4 44. f5 a5 45. f6 a4
46. f7 Kc3 47. f8=Q Kd2 48. Qb4+ Kc2 49. Qg5 a3 50. Qgd2# {Hossa checkmated}
1-0

[Event "ICS rated blitz match"]
[Site "204.178.125.65"]
[Date "2001.01.22"]
[Round "?"]
[White "Hossa"]
[Black "WinChesser"]
[Result "1-0"]
[WhiteElo "2469"]
[BlackElo "2246"]
[PlyCount "77"]
[EventDate "2001.??.??"]

1. d4 Nf6 2. c4 d6 3. Nc3 g6 4. e4 Bg7 5. Nf3 O-O 6. Be2 e5 7. dxe5 dxe5 8.
Qxd8 Rxd8 9. Bg5 c6 10. Nxe5 Re8 11. f4 Na6 12. O-O-O Nc5 13. Bf3 h6 14. Bh4
Nh7 15. Nd3 Nxd3+ 16. Rxd3 Be6 17. b3 g5 18. Bg3 g4 19. Be2 f5 20. e5 Bf8 21.
Kc2 Bc5 22. h3 h5 23. hxg4 hxg4 24. Na4 Bb4 25. Rdd1 Nf8 26. Bh4 Ng6 27. Bg5
Be7 28. Bxe7 Rxe7 29. g3 b6 30. Nc3 Nf8 31. Rd2 Nd7 32. Bf1 Nf8 33. Bg2 Rc8 34.
Kb2 Rh7 35. Rxh7 Kxh7 36. Rd6 Kg7 37. Rxc6 Rd8 38. Bd5 Bxd5 39. cxd5 {
WinChesser resigns} 1-0

[Event "ICS rated blitz match"]
[Site "204.178.125.65"]
[Date "2001.01.22"]
[Round "?"]
[White "cmslim"]
[Black "Hossa"]
[Result "1-0"]
[WhiteElo "2872"]
[BlackElo "2476"]
[PlyCount "55"]
[EventDate "2001.??.??"]

1. d4 Nf6 2. Bg5 Ne4 3. Bh4 c5 4. f3 g5 5. fxe4 gxh4 6. e3 Qb6 7. Nc3 Qxb2 8.
Nb5 Qb4+ 9. Kf2 Na6 10. c3 Qa5 11. Bc4 cxd4 12. Qxd4 f6 13. Nd6+ exd6 14. Qxf6
Bg7 15. Qxg7 Rf8+ 16. Nf3 h3 17. Rhf1 Nc5 18. Bd5 hxg2 19. Kxg2 Qa3 20. Nd4
Qb2+ 21. Kg1 Rxf1+ 22. Rxf1 Kd8 23. c4 Qd2 24. Nb5 Qxe3+ 25. Kh1 Qf4 26. Qg8+
Ke7 27. Rxf4 h5 28. Rf7# {Hossa checkmated} 1-0

[Event "ICS rated blitz match"]
[Site "204.178.125.65"]
[Date "2001.01.22"]
[Round "?"]
[White "Hossa"]
[Black "PostModernist"]
[Result "0-1"]
[WhiteElo "2473"]
[BlackElo "2578"]
[PlyCount "148"]
[EventDate "2001.??.??"]

1. d4 Nf6 2. Bg5 Ne4 3. Bh4 c5 4. f3 g5 5. fxe4 gxh4 6. e3 Bh6 7. Qd3 Nc6 8. d5
Ne5 9. Qc3 Rg8 10. h3 Bg7 11. Qb3 Qa5+ 12. Nc3 Bh6 13. Qb5 Qxb5 14. Nxb5 Kd8
15. d6 exd6 16. Nxd6 Bxe3 17. Ne2 b6 18. Rd1 Ba6 19. Nf5 Bg5 20. Nc3 Bc4 21.
Nd6 Be6 22. Ba6 Be7 23. Nb7+ Kc7 24. Kf2 b5 25. a4 bxa4 26. Nxa4 d6 27. Na5
Raf8 28. Bb7 f5 29. Nc3 fxe4+ 30. Ke1 Rxg2 31. Bxe4 Nf3+ 32. Kf1 Rg3 33. Ke2
Ng5 34. Bc6 Rxh3 35. Nd5+ Bxd5 36. Bxd5 Rxh1 37. Rxh1 Bf6 38. c3 h3 39. Kd3 a6
40. Nc4 Kb8 41. Rf1 Be7 42. Rxf8+ Bxf8 43. Nd2 Bg7 44. Nf3 Nxf3 45. Bxf3 h2 46.
Kc4 Kc7 47. Bh1 h5 48. Bd5 h4 49. Be4 Kd7 50. Bd5 h3 51. Kd3 Ke7 52. Ke3 Be5
53. Kd3 Kf6 54. Ke3 c4 55. Bh1 Kg5 56. Kf2 Bf4 57. Kf3 Kf5 58. Kf2 Kg4 59. Bf3+
Kh4 60. Be4 a5 61. Bh1 Bc1 62. Bc6 Bxb2 63. Ke2 Bxc3 64. Bd5 a4 65. Kd1 a3 66.
Kc2 a2 67. Kxc3 a1=Q+ 68. Kb4 Qb1+ 69. Ka5 c3 70. Ka4 c2 71. Be4 Qb6 72. Bd3
c1=Q 73. Bb5 Qbc5 74. Bc6 Q1a3# {Hossa checkmated} 0-1

[Event "ICS rated blitz match"]
[Site "204.178.125.65"]
[Date "2001.01.22"]
[Round "?"]
[White "PostModernist"]
[Black "Hossa"]
[Result "1-0"]
[WhiteElo "2589"]
[BlackElo "2462"]
[PlyCount "147"]
[EventDate "2001.??.??"]

1. d4 Nf6 2. c4 e6 3. Nf3 Bb4+ 4. Nbd2 c5 5. a3 Bxd2+ 6. Qxd2 cxd4 7. g3 d6 8.
Nxd4 d5 9. cxd5 Qxd5 10. Nf3 O-O 11. Qxd5 exd5 12. Nd4 Bg4 13. Bg2 Rc8 14. Bg5
Ne4 15. Bf4 Bh5 16. Rd1 Nf6 17. Nb5 Rc2 18. Nc7 g5 19. Bxg5 Rxc7 20. Bxf6 Nd7
21. Bc3 Nb6 22. Bxd5 Re7 23. g4 Bg6 24. Bf3 Be4 25. Bxe4 Rxe4 26. g5 Rc8 27. f3
Ree8 28. Rg1 Nc4 29. a4 Rc6 30. Rg4 Kf8 31. Rd7 Ne3 32. Rg3 Rc4 33. Rh3 Re7 34.
Rxe7 Kxe7 35. Rxh7 Ke6 36. Rh6+ Ke7 37. g6 fxg6 38. Rxg6 Rxa4 39. Rg7+ Kd6 40.
Rxb7 Ra2 41. h4 Ke6 42. h5 Ra1+ 43. Kd2 Nc4+ 44. Kd3 Nd6 45. Rg7 Rd1+ 46. Bd2
Nc4 47. Kxc4 Rxd2 48. h6 Rxe2 49. h7 Rh2 50. Rxa7 Rh4+ 51. Kd3 Kd5 52. Rd7+ Ke6
53. Rb7 Rh1 54. Ke4 Kf6 55. Kf4 Kg6 56. b4 Rh4+ 57. Kg3 Rh5 58. b5 Rg5+ 59. Kf2
Rh5 60. b6 Rh2+ 61. Kg1 Rh3 62. Rd7 Kf5 63. b7 Ke6 64. b8=Q Kxd7 65. h8=Q Rxh8
66. Qxh8 Kd6 67. Qd8+ Ke6 68. f4 Kf5 69. Qe7 Kg6 70. Kg2 Kh6 71. Qg5+ Kh7 72.
f5 Kh8 73. f6 Kh7 74. Qg7# {Hossa checkmated} 1-0

[Event "ICS rated blitz match"]
[Site "204.178.125.65"]
[Date "2001.01.22"]
[Round "?"]
[White "Hossa"]
[Black "Etan"]
[Result "1-0"]
[WhiteElo "2452"]
[BlackElo "2107"]
[PlyCount "69"]
[EventDate "2001.??.??"]

1. d4 c6 2. c4 d5 3. Nf3 e6 4. cxd5 exd5 5. Bf4 Nf6 6. e3 Bb4+ 7. Nbd2 O-O 8.
Bd3 Nbd7 9. a3 Ba5 10. Qc2 Re8 11. O-O Nf8 12. Nb3 Bb6 13. Nc5 Ng6 14. Bg3 Nh5
15. Bxg6 hxg6 16. Bh4 Nf6 17. a4 Bc7 18. Qc3 Qd6 19. b4 Ne4 20. Nxe4 dxe4 21.
Bg3 Qe7 22. Nd2 f5 23. Bxc7 Qxc7 24. f3 exf3 25. Nxf3 Be6 26. Ne5 Bf7 27. b5
Rec8 28. bxc6 bxc6 29. e4 c5 30. Nxf7 Kxf7 31. exf5 cxd4 32. fxg6+ Kxg6 33.
Qd3+ Kh6 34. Qh3+ Kg6 35. Ra3 {Etan resigns} 1-0